Charlotte Hornets 2017-18 Roster - Statistics

General Stats
  • This quiz has been taken 96 times
  • The average score is 8 of 17
Answer Stats
Nbr Post Player % Correct
15 Guard Kemba Walker
97%
40 Center-Forward Cody Zeller
75%
5 Guard-Forward Nicolas Batum
71%
12 Center Dwight Howard
66%
10 Guard Michael Carter-Williams
63%
14 Forward Michael Kidd-Gilchrist
63%
1 Guard Malik Monk
61%
2 Forward Marvin Williams
61%
44 Forward-Center Frank Kaminsky
50%
3 Guard Jeremy Lamb
50%
- Head Coach Steve Clifford
45%
21 Guard-Forward Treveon Graham
41%
7 Forward Dwayne Bacon
38%
32 Guard Julyan Stone
13%
4 Guard Marcus Paige
13%
8 Forward Johnny O'Bryant III
12%
9 Forward-Center Mangok Mathiang
12%
No matching quizzes found
Score Distribution
Percent of People with Each Score
Percentile by Number Answered
Your Score History
You have not taken this quiz